| 000 | 00944cam a2200313 a 4500 | ||
|---|---|---|---|
| 999 |
_c7774 _d7774 |
||
| 001 | 991042705389706706 | ||
| 003 | OSt | ||
| 005 | 20230920132830.0 | ||
| 008 | 120323s2012 spc|||| |||| 0|0 0 cat|c | ||
| 015 |
_aLL2012 _2bnc |
||
| 017 |
_aDL B. 6142-2012 _bBiblioteca de Catalunya |
||
| 035 | _a(ES-BaCBU).b52532288 | ||
| 035 | _a(OCoLC)920301409 | ||
| 040 |
_aES-BaCBU _bcat _cCDMR |
||
| 043 |
_ae-sp--- _be-spc-- _2catmarc |
||
| 080 | _a343.72:849.9Maduell, Àlvar | ||
| 100 | 1 |
_aMaduell, Àlvar _9213 |
|
| 245 | 1 | 0 |
_aAplec de plagis / _cÀlvar Maduell |
| 260 |
_aBarcelona : _b[l'autor], _c2012 |
||
| 300 |
_a111 p. ; _c20 cm |
||
| 490 | 1 |
_aMaduixer ; _v18 |
|
| 600 | 1 | 7 |
_aMaduell, Àlvar, _2lemac |
| 650 | 0 |
_aDrets d'autor _93160 |
|
| 830 | 0 |
_aMaduixer ; _v18 |
|
| 907 |
_a.b52532288 _b17-02-21 _c23-03-12 _d25-05-12 _em _fa _g- _hcat _ispc _j0 _k0 |
||
| 908 |
_aBMON _aAHCB _aBPEB _aBC _aBAB _aBMVB _aBalmes |
||
| 940 | _aBC | ||
| 942 |
_2udc _cMON |
||